00579nam a22002057a 450000500170000000800410001704000070005804100120006508200210007710000240009824500490012226000490017130000270022036500280024744000300027565000180030565000160032370000150033970000190035420220726143726.0220726b ||||| |||| 00| 0 eng d cAL aEnglish 223a307.76bDAVU aP K Dave and others aUrban poverty basic Services and Environment aNew DelhibInstitute of Social Sciencec1994 a23 p.bPBc21.5x14 cm. b₹25.00c₹d₹25.00 aUrban Studies Series No 4 aUrban Poverty aEnvironment aDAVE (P K) aBAKER (Laurie)